01655naa a2200277 i 4500001000400000003000400004005001700008008003900025040000800064080003000072100016900102245014200271260001000413500002100423520019500444650001300639650003000652655003000682700016300712700016800875711012701043773014201170942001301312999001501325952003701340BPPBPK20160412095451.0140513s1979 pl f |100 0 pol cBPK a633.49:635.1/.7:631.563.9 aMILANOWSKI, Jerzy.d1974 - 1993.bWyższa Szkoła Inżynierska w Koszalinie - Instytut Konstrukcji i Eksploatacji Maszyn,cZakład Maszyn Przemysłu Spożywczego aMetodyka racjonalnego doboru urządzeń linii obróbczych przechowalni ziemniaków /cJerzy Milanowski, Maciej Kapsa, Leon Kukiełka. c1979. aDane z autopsji. aCelem pracy jest podanie projektantom podstawowych informacji dotyczących zespołu istotnych czynników, warunkujących dobór urządzeń linii obróbczych przechowalni ziemniaków. 0aMagazyn. 0aZiemniaki - technologia.  0aMateriały konferencyjne. aKAPSA, Maciej.d1976 - 1991.bWyższa Szkoła Inżynierska w Koszalinie - Instytut Budownictwa,cZakład Budownictwa Ogólnego, Rolniczego i Przemysłowego aKUKIEŁKA, Leon.d1974 - 1996.bWyższa Szkoła Inżynierska w Koszalinie - Instytut Konstrukcji i Eksploatacji Maszyn,cZakład Maszyn i Urządzeń Rolniczych aTechniczne i technologiczne problemy w przechowalnictwie ziemniaka : Sesja Naukowan12 ;d1978.12.11 ;cJadwisin, Polska). iW :tTechniczne i technologiczne problemy w przechowalnictwie ziemniaka : Sesja Naukowa. -dBonin : Instytut Ziemniaka, 1979. -gs. 67-74 cART2UKD c5791d5791 00104070aBPKbBPKo29080yART